Evidence into Practice Integrating Judgement, Values, and Research
Salvato in:
| Autore principale: | |
|---|---|
| Natura: | Libro |
| Lingua: | inglese |
| Pubblicazione: |
F.A. Davies Company
2013
|
| Tags: |
Aggiungi Tag
Nessun Tag, puoi essere il primo ad aggiungerne!!
|
MARC
| LEADER | 00000nam a22000007a 4500 | ||
|---|---|---|---|
| 008 | 210621b ||||| |||| 00| 0 eng d | ||
| 020 | |a 9780803618084 | ||
| 100 | |a Hack, Laurita .M | ||
| 245 | |a Evidence into Practice |b Integrating Judgement, Values, and Research |c Laurita M. Hack{and} Jan Gwyer |g xix,364p | ||
| 260 | |b F.A. Davies Company |c 2013 |h Philandephia |i 696255 |l RM 708.H12 | ||
| 500 | |a It includes references and index | ||
| 942 | |a lcc |c BK |e Olagoke,M.A |f 21/06/2021 | ||
| 952 | |0 0 |1 0 |2 lcc |4 0 |6 RM0708 H12 |7 0 |9 2670 |a HOL |b HOL |d 2021-06-21 |o RM 708.H12 |p 2021-6632 |r 2021-06-21 00:00:00 |w 2021-06-21 |y BK | ||
| 952 | |0 0 |1 0 |2 lcc |4 0 |6 RM0708 H12 |7 0 |9 2671 |a HOL |b HE |d 2021-06-21 |o RM 708 .H12 |p 2021-6633 |r 2021-06-21 00:00:00 |w 2021-06-21 |y BK | ||
| 999 | |c 1394 |d 1394 | ||